| 000 | 00568nam a2200205 a 4500 | ||
|---|---|---|---|
| 003 | DLC | ||
| 005 | 20260227093752.0 | ||
| 008 | 991125c1991 mx fr p r 000 0 spa d | ||
| 035 | _aUPN01000059281 | ||
| 040 |
_aMX-MxUPN _bspa _cMX-MxUPN _eaacr2 |
||
| 245 | 1 | 0 | _aAbrir la esecuela |
| 260 |
_aQuerétaro, Querétaro, México : _bUniversidad Pedagógica Nacional. Unidad 22, _c1991- |
||
| 310 | _aSemestral | ||
| 650 | 4 |
_aEducación _9682 |
|
| 902 | _aGloria Jiménez/270226 | ||
| 904 |
_aAC _b000013 |
||
| 905 | _aRevista | ||
| 942 | _cREV-I | ||
| 999 |
_c59281 _d59281 |
||